Philosophie de la volonté

Na minha lista:
Detalhes bibliográficos
Autor principal: Ricoeur, Paul (Autor)
Formato: Livro
Idioma:francês
Publicado em: París Aubier 1960
coleção:Philosophie de l'Esprit
Assuntos:
Tags: Adicionar Tag
Sem tags, seja o primeiro a adicionar uma tag!

MARC

LEADER 00000nam a2200000 a 4500
001 UCZ4772
003 CL-VaPUC
008 951110e19600000FR |||||||||||||||||fre|d
082 0 4 |a 128.3  |b RIC  |2 21 
100 0 |a Ricoeur, Paul  |e author  |9 446 
245 1 0 |a Philosophie de la volonté 
300 |a v 
942 |c BK 
945 |d 19951110 00:00:00  |a lriquelm 
260 |a París  |b Aubier  |c 1960 
500 |a v.2 p.1: L'homme faillible 
500 |a v.2 p.2: La symbolique du mal 
650 0 |a Antropología filosófica  |9 265842 
650 0 |a Voluntad  |9 307812 
650 0 |a Naturaleza humana   |9 308593 
650 7 |a HOMBRE  |2 CL-VaPUC  |9 262149 
650 0 |a Conciencia  |9 309452 
583 |a last modification  |c 19951110 00:00:00  |k Rodrigo Vera 
490 0 |a Philosophie de l'Esprit 
999 |c 241137  |d 241135 
952 |0 0  |1 0  |4 0  |6 128_300000000000000_RIC_1960  |7 0  |8 P  |9 253303  |a BIBEDU  |b BIBEDU  |c BIBEDU_PB  |d 2019-11-19  |h v.2 p.1  |i 1599232  |o 128.3 RIC 1960  |p 1599232  |r 2024-01-25  |w 2019-11-19  |y BK  |k FIL 
952 |0 0  |1 0  |4 0  |6 128_300000000000000_RIC_1960  |7 0  |8 P  |9 253304  |a BIBEDU  |b BIBEDU  |c BIBEDU_PB  |d 2019-11-19  |h v.2 p.2  |i 1599194  |o 128.3 RIC 1960  |p 1599194  |r 2024-01-25  |w 2019-11-19  |y BK  |k FIL